000 00485nam a2200181Ia 4500
005 20250326142502.0
008 250326s9999 xx 000 0 und d
037 _aTextbook
040 _aFMSL
_beng
_cFMSL
041 _aeng
_2eng
084 _qFMSL
100 _aI D E M
_9746130
245 0 _aJapanese corporate fice & international competitive
_cI D E M
260 _aG. Britain
_bG. Britain, Macmillan
_c1998
300 _a195p
942 _cTB
999 _c1295250
_d1295250